Dīwān Ibn Zaydūn : rasāʼiluhu, akhbāruhu, shiʻr al-Malikayn /
Main Author:
Other Authors: , , ,
Format: Book
Language: Arabic
Published:
Miṣr :
Muṣṭafá al-Bābī al-Ḥalabī,
1932.
Subjects:
Tags: Add Tag
Call Number: PJ7750 .I36 A17 1932
| LEADER | 01707nam a2200289Ia 4500 | ||
|---|---|---|---|
| 003 | OSt | ||
| 005 | 20231115113801.0 | ||
| 008 | 130303s1932 ua b 001 pbara d | ||
| 952 | |0 0 |1 0 |2 lcc |4 0 |6 PJ7750 I36 A17 01932 |7 1 |9 56284 |a ARCE |b ARCE |d 2023-11-15 |l 0 |o PJ7750 .I36 A17 1932 |p 1031942 |r 2023-11-15 00:00:00 |w 2023-11-15 |y BK | ||
| 999 | |c 26363 |d 26363 | ||
| 040 | |c ARCE Library | ||
| 050 | 4 | |a PJ7750 .I36 A17 1932 | |
| 100 | 1 | |6 880-01 |a Ibn Zaydūn, Aḥmad ibn ʻAbd Allāh, |d 1003 or 1004-1071, |e author | |
| 245 | 1 | 0 | |6 880-02 |a Dīwān Ibn Zaydūn : |b rasāʼiluhu, akhbāruhu, shiʻr al-Malikayn / |c sharḥ wa-ḍabṭ wa-taṣnīf Kāmal Kīlānī wa-ʻAbd al-Raḥmān Khalīfah. |
| 264 | 1 | |a Miṣr : |b Muṣṭafá al-Bābī al-Ḥalabī, |c 1932. | |
| 300 | |a 56, 463 pages ; |c 25 cm. | ||
| 504 | |a Includes bibliographical references and index. | ||
| 600 | 1 | 0 | |a Ibn Zaydūn, Aḥmad ibn ʻAbd Allāh, |d 1003 or 1004-1071 |x Criticism and interpretation. |
| 650 | 0 | |a Arabic poetry |v Early works to 1800. | |
| 700 | 0 | 2 | |a Muʻtaḍid ibn ʻAbbād, |d 1013-1069. |t Poems. |9 36575 |
| 700 | 0 | 2 | |a Muʻtamid, |c King of Seville, |d 1039-1095. |t Poems. |9 36576 |
| 700 | 1 | |a Khalīfah, ʿAbd al-Raḥmān. | |
| 700 | 1 | |a Kīlānī, Kāmil, |d 1897-1959. | |
| 880 | 1 | |6 100-01/(3/r |a ابن زيدون، أحمد بن عبد الله، |d 1003 or 1004-1071. | |
| 880 | 1 | 0 | |6 245-02/(3/r |a ديوان ابن زيدون : |b رسائله, أخباره, شعر الملكين |c شرح و ضبط و تصنيف كامل كيلاني و عبد الرحمن خليفة. |
| 901 | |a reviewed | ||
| 942 | |c BK |2 lcc | ||
